Statistics for Things that start with M by picture

Click here to take the quiz!

General Stats

  • This quiz has been taken 51 times
  • The average score is 17 of 28

Answer Stats

Answer% Correct
moon
98%
monkey
93%
milk
93%
mask
91%
makeup
91%
money
91%
mars
91%
moose
88%
match
88%
math
86%
mirror
86%
mother
67%
missile
67%
man
67%
market
60%
mitten
56%
measure
56%
magpie
51%
macaw
49%
marine
44%
marsh
40%
mud
40%
mist
33%
midnight
28%
mutt
26%
manager
16%
myth
7%
machinery
0%

Score Distribution

Percentile by Number Answered

Percent of People with Each Score

Your Score History

You have not taken this quiz